|
|
|
|
| LEADER |
01128nam a22002417a 4500 |
| 001 |
AAL4126 |
| 003 |
BD-DhAAL |
| 005 |
20160304193607.0 |
| 008 |
160304m20001993bg ||||| |||| 00| 0 ben d |
| 020 |
|
|
|a 9844650259
|
| 040 |
|
|
|a BD-DhAAL
|c BD-DhAAL
|
| 082 |
|
|
|a 378.54922
|
| 100 |
|
|
|a করিম, সরদার ফজলুল
|9 18327
|
| 245 |
|
|
|a ঢাকা বিশ্ববিদ্যালয় ও পূর্ববঙ্গীয় সমাজ :
|b আধ্যাপক আবদূর রাজ্জাক-এর আলাপচারিতা /
|c সরদার ফজলুল করিম
|
| 260 |
|
|
|a ঢাকা :
|b সাহিত্য প্রকাশ,
|c ২০০০
|
| 300 |
|
|
|a ১৪৩ পৃ. ;
|c ২২ সে.মি.
|
| 541 |
|
|
|e 4126
|
| 650 |
|
|
|a University of Dhaka
|x History.
|9 18328
|
| 650 |
|
|
|a University of Dhaka
|9 18329
|
| 852 |
|
|
|a Savar Campus Library
|c General Shelf
|
| 942 |
|
|
|2 ddc
|c BK
|
| 999 |
|
|
|c 37029
|d 37029
|
| 952 |
|
|
|0 0
|1 0
|2 ddc
|4 0
|6 378_549220000000000_KAR
|7 0
|9 58273
|a SCL
|b SCL
|c GEN
|d 2016-03-04
|g 120.00
|l 2
|o 378.54922 KAR
|p 3020004126
|r 2025-04-29
|s 2025-04-23
|t 1
|w 2016-03-04
|y BK
|